000 00406nam a2200157Ia 4500
005 20240724030840.0
008 240331s9999 xx 000 0 und d
082 _a291
_bREL
100 _aAsian Theology Centre.
245 0 _aReligions in third world theology
260 _aColombo
_bCentre for Society & Religion
_c1985
300 _aiv, 132 p.,
650 _aReligion
650 _aTheology
942 _cL
999 _c856
_d856